00285nam a2200121Ia 4500003000400000005001700004008004100021020001500062040001700077100001100094245003600105260002200141OSt20240408170301.0170524s9999 xx 000 0 und d a8172247818 cIIMTU MEERUT aFISHER 0aCOMMUNICATION IN ORGANISATIONAL aTATA MC GRAW HILL